Šetriť na energiách bez inovácií nejde
Úspory energie v priemysle na Slovensku. Zavádzanie technologických inovácií.
Na minha lista:
| Autor principal: | |
|---|---|
| Formato: | Capítulo de Livro |
| Idioma: | eslovaco |
| Assuntos: | |
| Tags: |
Sem tags, seja o primeiro a adicionar uma tag!
|
MARC
| LEADER | 00000naa a2200000 4500 | ||
|---|---|---|---|
| 001 | 0234368 | ||
| 005 | 20170712100536.0 | ||
| 041 | 0 | |a slo | |
| 044 | |a SK | ||
| 245 | 1 | 0 | |a Šetriť na energiách bez inovácií nejde |c Daniela Rifaiová |
| 520 | |a Úspory energie v priemysle na Slovensku. Zavádzanie technologických inovácií. | ||
| 610 | 2 | 0 | |a priemysel |
| 610 | 2 | 0 | |a podnik priemyselný |
| 610 | 2 | 0 | |a inovácia |
| 610 | 2 | 0 | |a úspory energie |
| 610 | 2 | 0 | |a Slovensko |
| 100 | 1 | |a Rifaiová, Daniela | |